Hamletovská otázka pre investorov

Téma energetických úspor v stavebníctve sa stala veľmi diskutovanou otázkou súčasnosti. Individuálni aj komerční investori váhajú a osveta medzi občanmi postupuje pomaly. Dilema - obnovovať staré alebo postaviť nové. Problém financií pre obce a mestá. Zatepľovanie nie je regenerácia. Energeticky pas...

Ausführliche Beschreibung

Gespeichert in:
Bibliographische Detailangaben
1. Verfasser: Bondora, Juraj
Format: Buchkapitel
Sprache:Slowakisch
Schlagworte:
Tags: Tag hinzufügen
Keine Tags, Fügen Sie das erste Tag hinzu!

MARC

LEADER 00000naa$a2200000$$$4500
001 0066154
005 20231016085316.4
041 0 |a slo 
044 |a SK 
245 1 0 |a Hamletovská otázka pre investorov  |c Juraj Bondora 
520 |a Téma energetických úspor v stavebníctve sa stala veľmi diskutovanou otázkou súčasnosti. Individuálni aj komerční investori váhajú a osveta medzi občanmi postupuje pomaly. Dilema - obnovovať staré alebo postaviť nové. Problém financií pre obce a mestá. Zatepľovanie nie je regenerácia. Energeticky pasívne a energeticky úsporné novostavby. 
610 2 0 |a stavebníctvo 
610 2 0 |a úspory energie 
610 2 0 |a výstavba bytová 
610 2 0 |a financovanie 
100 1 |a Bondora, Juraj